Matemática 1; modelos matemáticos para interpretar la realidad /

Guardado en:
Autor Principal: Camuyrano, María Beatriz
Formato: Libro
Publicado: Buenos Aires : Estrada, 2000
Materias:
Etiquetas: Agregar Etiqueta
Sin Etiquetas, Sea el primero en etiquetar este registro!
LEADER 00891nam a22002415a 4500
001 CEM.cems016448
005 20111019163259.0
008 130507s2000##################000#0#####d
003 CEMS
020 |a 9500107775 
082 0 4 |a 510 
100 1 |a Camuyrano, María Beatriz 
245 1 0 |a Matemática 1; modelos matemáticos para interpretar la realidad /  |c María Beatriz Camuyrano, Gabriela Net y Mariana Aragón 
260 |a Buenos Aires :  |b Estrada,  |c 2000 
300 |a 383 p. 
653 |a Maemática 
653 |a Estadística 
653 |a Probabilidad 
653 |a Función logarítmica 
859 |a CEMS  |b BIB. CEMS - Agricultura  |h 510  |i C159  |p A0014.00  |t Ej.1  |v 1  |3 1 
859 |a CEMS  |b BIB. CEMS - Agricultura  |h 510  |i C159  |p A0614.05  |t Ej.2  |v 1  |3 1 
859 |a CEMS  |b BIB. CEMS - Agricultura  |h 510  |i C159  |p A0615.05  |t Ej.3  |v 1  |3 1 
859 |a CEMS  |b BIB. CEMS - Agricultura  |h 510  |i C159  |p A1489.12  |t Ej.4  |v 1  |3 1